The eternity artifact
| Main Author: | |
|---|---|
| Format: | Book |
| Published: |
New York :
A Tom Doherty Associates Book Publishers ,
2005
|
| Subjects: |
MARC
| LEADER | 00000cam a2200000 7i4500 | ||
|---|---|---|---|
| 001 | 0000026845 | ||
| 005 | 20090731.0 | ||
| 008 | 090731 | ||
| 020 | |a 0765353458 | ||
| 090 | 0 | 0 | |a MOD |b ENG |
| 100 | 1 | |a Modesitt, L.E. | |
| 245 | 1 | 0 | |a The eternity artifact |c L.E. Modesitt, Jr. |
| 260 | |a New York : |b A Tom Doherty Associates Book Publishers , |c 2005 | ||
| 650 | 0 | |a Astronauts |x fiction | |
| 650 | 0 | |a Life on other planets |x fiction | |
| 650 | 0 | |a Scientific expeditions |x fiction | |
| 650 | 0 | |a Space shuttles |x fiction | |
| 999 | |a 0001039904 |b Book |c Adult Collection |e Perbadanan Perpustakaan Awam Johor | ||